000 00774nam a22002417a 4500
001 20579
003 UA-OsUOA
005 20220626225021.0
007 ta
008 20031101b un ||||| |||| 00| 0 ukr d
040 _aUA-OsUOA
_brus
_cUA-OsUOA
_dUA-OsUOA
041 _arus
044 _aRU
080 _a911.375(470+571)
090 _a911.375(470+571)
_bМ37
100 _aМачин И. К.
245 _aМосква
_bкраткий путеводитель
_cред. М. И. Сомов ; худ. Е. Н. Голяховский
260 _aМосква
_bГосударственное издательство Географической литературы
_c1957
300 _a92 с.
_bІлюстрації
650 7 _2UDC
942 _cBK
_2udc
955 _a0
999 _c306759
_d306759